Superpower : Australia's low-carbon opportunity /

Bibliographic Details
Main Author: Garnaut, Ross, (Author)
Format: eBook
Language:English
Published: Carlton, Victoria : La Trobe University Press, [2019]
Subjects:
Online Access:Click to View
LEADER 01561nam a2200397 i 4500
001 EBC5967790
003 MiAaPQ
005 20191125132007.0
006 m o d |
007 cr cnu||||||||
008 191125s2019 vra o 001 0 eng d
020 |z 9781760642099 
020 |a 9781743821176 (e-book) 
035 |a (MiAaPQ)EBC5967790 
035 |a (Au-PeEL)EBL5967790 
035 |a (OCoLC)1126217049 
040 |a MiAaPQ  |b eng  |e rda  |e pn  |c MiAaPQ  |d MiAaPQ 
043 |a u-at--- 
050 4 |a QC903.2.A8  |b .G376 2019 
082 0 |a 304.250994  |2 23 
100 1 |a Garnaut, Ross,  |e author. 
245 1 0 |a Superpower :  |b Australia's low-carbon opportunity /  |c Ross Garnaut. 
264 1 |a Carlton, Victoria :  |b La Trobe University Press,  |c [2019] 
264 4 |c 2019 
300 |a 1 online resource (148 pages) 
336 |a text  |b txt  |2 rdacontent 
337 |a computer  |b c  |2 rdamedia 
338 |a online resource  |b cr  |2 rdacarrier 
500 |a Includes index. 
588 |a Description based on print version record. 
590 |a Electronic reproduction. Ann Arbor, MI : ProQuest, 2018. Available via World Wide Web. Access may be limited to ProQuest affiliated libraries. 
650 0 |a Climatic changes  |z Australia. 
655 4 |a Electronic books. 
776 0 8 |i Print version:  |a Garnaut, Ross.  |t Superpower : Australia's low-carbon opportunity.  |d Carlton, Victoria : La Trobe University Press, c2019   |h 148 pages   |z 9781760642099 
797 2 |a ProQuest (Firm) 
856 4 0 |u https://ebookcentral.proquest.com/lib/matrademy/detail.action?docID=5967790  |z Click to View